[Event "DEM U10 2024"]
[Site "Willingen GER"]
[Date "2024.05.25"]
[Round "11"]
[White "Stoyanov, Victor"]
[Black "Zargaran, Sepas"]
[Result "1/2-1/2"]
[Termination "normal"]
[Board "5"]
[WhiteElo "1658"]
[BlackElo "1810"]
[WhiteClock "00:12:21"]
[BlackClock "00:08:37"]
[PlyCount "58"]
[WhiteFideId "5401240"]
[BlackFideId "34625275"]
[EventCountry "GER"]
[EventRounds "11"]
[EventType "swiss"]
[EventDate "2024.05.18"]

1. e4 {[%clk 01:15:59]} e5 {[%clk 01:15:40]} {[%emt 00:00:21]} 2. Nf3 {[%clk
01:16:24]} {[%emt 00:00:04]} Nc6 {[%clk 01:16:03]} {[%emt 00:00:08]} 3. d4
{[%clk 01:16:50]} {[%emt 00:00:04]} exd4 {[%clk 01:16:25]} {[%emt 00:00:08]} 4.
Nxd4 {[%clk 01:17:15]} {[%emt 00:00:05]} Bc5 {[%clk 01:16:48]} {[%emt
00:00:06]} 5. Nb3 {[%clk 01:17:39]} {[%emt 00:00:06]} Bb6 {[%clk 01:17:12]}
{[%emt 00:00:07]} 6. Nc3 {[%clk 01:18:05]} {[%emt 00:00:04]} Qf6 {[%clk
01:17:32]} {[%emt 00:00:09]} 7. Qe2 {[%clk 01:18:30]} {[%emt 00:00:06]} Nge7
{[%clk 01:17:50]} {[%emt 00:00:12]} 8. Be3 {[%clk 01:18:16]} {[%emt 00:00:44]}
d6 {[%clk 01:16:51]} {[%emt 00:01:29]} 9. O-O-O {[%clk 01:17:34]} {[%emt
00:01:12]} Bd7 {[%clk 01:16:47]} {[%emt 00:00:34]} 10. f3 {[%clk 01:16:15]}
{[%emt 00:01:48]} O-O-O {[%clk 01:16:54]} {[%emt 00:00:23]} 11. Bxb6 {[%clk
01:14:19]} {[%emt 00:02:26]} axb6 {[%clk 01:17:04]} {[%emt 00:00:20]} 12. Qd2
{[%clk 01:12:29]} {[%emt 00:02:20]} h5 {[%clk 01:14:46]} {[%emt 00:02:48]} 13.
Bb5 {[%clk 01:05:17]} {[%emt 00:07:43]} g5 {[%clk 01:07:46]} {[%emt 00:07:28]}
14. Rhf1 {[%clk 01:04:48]} {[%emt 00:01:00]} Be6 {[%clk 00:53:39]} {[%emt
00:14:37]} 15. Bxc6 {[%clk 01:01:08]} {[%emt 00:04:10]} bxc6 {[%clk 00:53:59]}
{[%emt 00:00:10]} 16. Kb1 {[%clk 00:57:04]} {[%emt 00:04:35]} Bxb3 {[%clk
00:48:39]} {[%emt 00:05:48]} 17. cxb3 {[%clk 00:56:09]} {[%emt 00:01:25]} Ng6
{[%clk 00:42:42]} {[%emt 00:06:29]} 18. Ne2 {[%clk 00:50:39]} {[%emt 00:06:00]}
Qe5 {[%clk 00:31:31]} {[%emt 00:11:37]} 19. Nd4 {[%clk 00:38:42]} {[%emt
00:12:29]} Kb7 {[%clk 00:29:05]} {[%emt 00:02:55]} 20. g3 {[%clk 00:32:34]}
{[%emt 00:06:40]} h4 {[%clk 00:24:56]} {[%emt 00:04:40]} 21. Nf5 {[%clk
00:30:41]} {[%emt 00:02:23]} hxg3 {[%clk 00:23:23]} {[%emt 00:02:03]} 22. hxg3
{[%clk 00:30:47]} {[%emt 00:00:23]} f6 {[%clk 00:21:35]} {[%emt 00:02:17]} 23.
Qc2 {[%clk 00:20:03]} {[%emt 00:11:15]} Rh7 {[%clk 00:14:15]} {[%emt 00:07:47]}
24. Rc1 {[%clk 00:19:32]} {[%emt 00:01:04]} c5 {[%clk 00:13:45]} {[%emt
00:00:58]} 25. Rh1 {[%clk 00:19:53]} {[%emt 00:00:12]} Rdh8 {[%clk 00:13:26]}
{[%emt 00:00:47]} 26. Rxh7 {[%clk 00:12:19]} {[%emt 00:08:05]} Rxh7 {[%clk
00:13:30]} {[%emt 00:00:26]} 27. Qc4 {[%clk 00:12:43]} {[%emt 00:00:06]} Rh2
{[%clk 00:12:56]} {[%emt 00:01:01]} 28. Rc2 {[%clk 00:12:03]} {[%emt 00:01:13]}
Rh1+ {[%clk 00:09:38]} {[%emt 00:03:48]} 29. Rc1 {[%clk 00:12:21]} {[%emt
00:00:12]} Rh2 {[%clk 00:08:37]} 1/2-1/2

[Event "DEM U10 2024"]
[Site "Willingen GER"]
[Date "2024.05.25"]
[Round "11"]
[White "Müller, Konstantin"]
[Black "Naumann, Lennart"]
[Result "1-0"]
[Termination "normal"]
[Board "6"]
[WhiteElo "1851"]
[BlackElo "1707"]
[WhiteClock "00:25:22"]
[BlackClock "00:00:39"]
[PlyCount "75"]
[WhiteFideId "34661778"]
[BlackFideId "34644830"]
[EventCountry "GER"]
[EventRounds "11"]
[EventType "swiss"]
[EventDate "2024.05.18"]

1. e4 {[%clk 01:15:58]} {[%emt 00:00:02]} c6 {[%clk 01:15:55]} {[%emt
00:00:05]} 2. d4 {[%clk 01:16:25]} {[%emt 00:00:03]} d5 {[%clk 01:16:21]}
{[%emt 00:00:04]} 3. Nd2 {[%clk 01:16:51]} {[%emt 00:00:04]} dxe4 {[%clk
01:16:33]} {[%emt 00:00:17]} 4. Nxe4 {[%clk 01:17:18]} {[%emt 00:00:05]} Bf5
{[%clk 01:16:48]} {[%emt 00:00:14]} 5. Ng3 {[%clk 01:17:44]} {[%emt 00:00:04]}
Bg6 {[%clk 01:17:05]} {[%emt 00:00:12]} 6. Nf3 {[%clk 01:18:09]} {[%emt
00:00:07]} e6 {[%clk 01:17:00]} {[%emt 00:00:34]} 7. h4 {[%clk 01:17:49]}
{[%emt 00:00:50]} h6 {[%clk 01:17:18]} {[%emt 00:00:11]} 8. h5 {[%clk
01:16:30]} {[%emt 00:01:50]} Bh7 {[%clk 01:17:34]} {[%emt 00:00:13]} 9. Bd3
{[%clk 01:16:26]} {[%emt 00:00:35]} Bxd3 {[%clk 01:17:50]} {[%emt 00:00:14]}
10. Qxd3 {[%clk 01:16:50]} {[%emt 00:00:06]} Nd7 {[%clk 01:18:00]} {[%emt
00:00:19]} 11. Bd2 {[%clk 01:16:27]} {[%emt 00:00:55]} Ngf6 {[%clk 01:18:15]}
{[%emt 00:00:13]} 12. O-O-O {[%clk 01:16:10]} {[%emt 00:00:48]} Qc7 {[%clk
01:18:03]} {[%emt 00:00:42]} 13. Kb1 {[%clk 01:14:10]} {[%emt 00:02:30]} Bd6
{[%clk 01:16:32]} {[%emt 00:02:00]} 14. Ne4 {[%clk 01:14:04]} {[%emt 00:00:36]}
Nxe4 {[%clk 01:16:27]} {[%emt 00:00:35]} 15. Qxe4 {[%clk 01:14:30]} {[%emt
00:00:04]} Nf6 {[%clk 01:16:23]} {[%emt 00:00:34]} 16. Qe2 {[%clk 01:14:49]}
{[%emt 00:00:12]} O-O-O {[%clk 01:13:44]} {[%emt 00:03:09]} 17. c4 {[%clk
01:12:25]} {[%emt 00:02:55]} Bf4 {[%clk 01:11:35]} {[%emt 00:02:37]} 18. Bc3
{[%clk 01:08:07]} {[%emt 00:04:50]} Bd6 {[%clk 01:06:52]} {[%emt 00:05:09]} 19.
Ne5 {[%clk 00:57:53]} {[%emt 00:10:46]} c5 {[%clk 00:59:29]} {[%emt 00:07:54]}
20. f4 {[%clk 00:56:04]} {[%emt 00:02:18]} cxd4 {[%clk 00:45:20]} {[%emt
00:14:40]} 21. Bxd4 {[%clk 00:55:18]} {[%emt 00:01:17]} Bxe5 {[%clk 00:30:00]}
{[%emt 00:15:49]} 22. fxe5 {[%clk 00:54:09]} {[%emt 00:01:40]} Nd7 {[%clk
00:27:31]} {[%emt 00:02:57]} 23. Qe3 {[%clk 00:49:06]} {[%emt 00:05:34]} Nb6
{[%clk 00:19:39]} {[%emt 00:08:19]} 24. Rc1 {[%clk 00:45:54]} {[%emt 00:03:44]}
Qc6 {[%clk 00:11:36]} {[%emt 00:08:33]} 25. g4 {[%clk 00:44:38]} {[%emt
00:01:47]} Kb8 {[%clk 00:10:08]} {[%emt 00:01:57]} 26. Bc5 {[%emt 00:01:47]}
Nxc4 {[%clk 00:05:36]} {[%emt 00:05:01]} 27. Qf4 {[%clk 00:29:49]} {[%emt
00:14:03]} Qe4+ {[%clk 00:03:25]} {[%emt 00:02:42]} 28. Qxe4 {[%clk 00:30:09]}
{[%emt 00:00:10]} Nd2+ {[%clk 00:03:45]} {[%emt 00:00:10]} 29. Kc2 {[%clk
00:29:41]} {[%emt 00:00:58]} Nxe4 {[%clk 00:04:02]} {[%emt 00:00:11]} 30. Be3
{[%clk 00:29:56]} {[%emt 00:00:17]} Rd5 {[%clk 00:01:55]} {[%emt 00:02:35]} 31.
Rhf1 {[%clk 00:29:45]} {[%emt 00:00:43]} Rf8 {[%clk 00:01:02]} {[%emt
00:01:22]} 32. Rf3 {[%clk 00:27:54]} {[%emt 00:02:22]} Rd7 {[%clk 00:00:42]}
{[%emt 00:00:50]} 33. Rf4 {[%clk 00:26:30]} {[%emt 00:01:55]} Ng3 {[%clk
00:00:50]} {[%emt 00:00:20]} 34. Re1 {[%clk 00:25:10]} {[%emt 00:01:51]} Rc8+
{[%clk 00:00:56]} {[%emt 00:00:23]} 35. Kb1 {[%clk 00:25:29]} {[%emt 00:00:12]}
Ne2 {[%clk 00:00:47]} {[%emt 00:00:39]} 36. Rf2 {[%clk 00:25:11]} {[%emt
00:00:49]} Nd4 {[%clk 00:00:32]} {[%emt 00:00:44]} 37. Rd1 {[%clk 00:25:05]}
{[%emt 00:00:36]} Rcd8 {[%clk 00:00:39]} {[%emt 00:00:23]} 38. Rfd2 {[%clk
00:25:22]} {[%emt 00:00:13]} 1-0

[Event "DEM U10 2024"]
[Site "Willingen GER"]
[Date "2024.05.25"]
[Round "11"]
[White "Sauer, Ben"]
[Black "Bergmann, Rafael Antonio"]
[Result "0-1"]
[Termination "normal"]
[Board "7"]
[WhiteElo "1626"]
[BlackElo "1776"]
[WhiteClock "00:14:33"]
[BlackClock "01:12:29"]
[PlyCount "84"]
[WhiteFideId "34606866"]
[BlackFideId "34635076"]
[EventCountry "GER"]
[EventRounds "11"]
[EventType "swiss"]
[EventDate "2024.05.18"]

1. e4 {[%clk 01:15:58]} {[%emt 00:00:01]} e5 {[%clk 01:15:54]} {[%emt
00:00:07]} 2. Nf3 {[%clk 01:16:23]} {[%emt 00:00:04]} Nc6 {[%clk 01:16:20]}
{[%emt 00:00:05]} 3. Bc4 {[%clk 01:16:46]} {[%emt 00:00:07]} Nf6 {[%clk
01:16:45]} {[%emt 00:00:05]} 4. d3 {[%clk 01:17:09]} {[%emt 00:00:07]} Be7
{[%clk 01:17:10]} {[%emt 00:00:05]} 5. c3 {[%clk 01:17:10]} {[%emt 00:00:29]}
O-O {[%clk 01:17:28]} {[%emt 00:00:11]} 6. O-O {[%clk 01:17:17]} {[%emt
00:00:23]} d5 {[%clk 01:17:51]} {[%emt 00:00:07]} 7. exd5 {[%clk 01:16:12]}
{[%emt 00:01:36]} Nxd5 {[%clk 01:18:14]} {[%emt 00:00:06]} 8. Re1 {[%clk
01:15:15]} {[%emt 00:01:27]} Bg4 {[%clk 01:18:38]} {[%emt 00:00:06]} 9. h3
{[%clk 01:10:33]} {[%emt 00:05:12]} Bh5 {[%clk 01:19:01]} {[%emt 00:00:07]} 10.
Bb3 {[%clk 01:02:18]} {[%emt 00:08:46]} Kh8 {[%clk 01:16:19]} {[%emt 00:03:11]}
11. g4 {[%clk 00:53:51]} {[%emt 00:08:57]} Bg6 {[%clk 01:16:37]} {[%emt
00:00:12]} 12. Nxe5 {[%clk 00:52:15]} {[%emt 00:02:06]} Nxe5 {[%clk 01:16:58]}
{[%emt 00:00:09]} 13. Rxe5 {[%clk 00:52:40]} {[%emt 00:00:06]} Nb6 {[%clk
01:16:18]} {[%emt 00:01:09]} 14. d4 {[%clk 00:49:35]} {[%emt 00:03:35]} Bd6
{[%clk 01:16:37]} {[%emt 00:00:11]} 15. Re1 {[%clk 00:48:35]} {[%emt 00:01:30]}
Qh4 {[%clk 01:16:52]} {[%emt 00:00:15]} 16. Qf3 {[%clk 00:34:46]} {[%emt
00:14:19]} f5 {[%clk 01:16:36]} {[%emt 00:00:47]} 17. Qg2 {[%clk 00:32:22]}
{[%emt 00:02:52]} fxg4 {[%clk 01:16:25]} {[%emt 00:00:42]} 18. hxg4 {[%clk
00:31:59]} {[%emt 00:00:53]} Rae8 {[%clk 01:16:24]} {[%emt 00:00:31]} 19. Rxe8
{[%clk 00:22:54]} {[%emt 00:09:36]} Rxe8 {[%clk 01:16:41]} {[%emt 00:00:13]}
20. Be3 {[%clk 00:15:09]} {[%emt 00:08:14]} Bf4 {[%clk 01:15:27]} {[%emt
00:01:44]} 21. Nd2 {[%emt 00:01:30]} Bxe3 {[%clk 01:15:06]} {[%emt 00:00:49]}
22. fxe3 {[%clk 00:14:28]} {[%emt 00:00:14]} Rxe3 {[%clk 01:14:34]} {[%emt
00:01:02]} 23. Nf3 {[%clk 00:14:26]} {[%emt 00:00:30]} Qf6 {[%clk 01:10:07]}
{[%emt 00:04:57]} 24. Re1 {[%clk 00:13:06]} {[%emt 00:01:51]} Qxf3 {[%clk
01:10:06]} {[%emt 00:00:31]} 25. Qxf3 {[%clk 00:13:21]} {[%emt 00:00:16]} Rxf3
{[%clk 01:10:31]} {[%emt 00:00:05]} 26. Kg2 {[%clk 00:13:12]} {[%emt 00:00:37]}
Rf8 {[%clk 01:10:43]} {[%emt 00:00:19]} 27. c4 {[%clk 00:12:34]} {[%emt
00:01:09]} h6 {[%clk 01:10:14]} {[%emt 00:00:59]} 28. c5 {[%clk 00:12:47]}
{[%emt 00:00:16]} Nc8 {[%clk 01:09:30]} {[%emt 00:01:14]} 29. Bc4 {[%clk
00:12:24]} {[%emt 00:00:53]} Re8 {[%clk 01:09:38]} {[%emt 00:00:22]} 30. Rxe8+
{[%clk 00:12:33]} {[%emt 00:00:21]} Bxe8 {[%clk 01:09:58]} {[%emt 00:00:09]}
31. Kf3 {[%clk 00:12:42]} {[%emt 00:00:21]} Kh7 {[%clk 01:09:55]} {[%emt
00:00:33]} 32. Kf4 {[%clk 00:12:50]} {[%emt 00:00:23]} Kg6 {[%clk 01:09:33]}
{[%emt 00:00:52]} 33. d5 {[%clk 00:12:53]} {[%emt 00:00:28]} Kf6 {[%clk
01:09:55]} {[%emt 00:00:07]} 34. a3 {[%clk 00:12:58]} {[%emt 00:00:25]} Bd7
{[%clk 01:10:06]} {[%emt 00:00:18]} 35. Bd3 {[%clk 00:13:08]} {[%emt 00:00:22]}
g5+ {[%clk 01:10:29]} {[%emt 00:00:07]} 36. Kf3 {[%clk 00:13:10]} {[%emt
00:00:27]} Ke5 {[%clk 01:10:53]} {[%emt 00:00:06]} 37. b4 {[%clk 00:13:22]}
{[%emt 00:00:19]} Kxd5 {[%clk 01:10:35]} {[%emt 00:00:47]} 38. Be4+ {[%clk
00:13:42]} {[%emt 00:00:10]} Kd4 {[%clk 01:10:53]} {[%emt 00:00:11]} 39. Bxb7
{[%clk 00:13:59]} {[%emt 00:00:15]} Ne7 {[%clk 01:11:16]} {[%emt 00:00:06]} 40.
Be4 {[%clk 00:13:57]} {[%emt 00:00:32]} Bxg4+ {[%clk 01:11:38]} {[%emt
00:00:08]} 41. Kxg4 {[%clk 00:14:18]} {[%emt 00:00:09]} Kxe4 {[%clk 01:12:03]}
{[%emt 00:00:05]} 42. Kg3 {[%clk 00:14:33]} {[%emt 00:00:16]} h5 {[%clk
01:12:29]} {[%emt 00:00:04]} 0-1

[Event "DEM U10 2024"]
[Site "Willingen GER"]
[Date "2024.05.25"]
[Round "11"]
[White "Sander, Tino"]
[Black "Becker, Linus"]
[Result "1-0"]
[Termination "normal"]
[Board "8"]
[WhiteElo "1724"]
[BlackElo "1705"]
[WhiteClock "00:14:53"]
[BlackClock "00:18:00"]
[PlyCount "131"]
[WhiteFideId "34636110"]
[BlackFideId "34614958"]
[EventCountry "GER"]
[EventRounds "11"]
[EventType "swiss"]
[EventDate "2024.05.18"]

1. e4 {[%clk 01:15:58]} {[%emt 00:00:02]} c5 {[%clk 01:15:54]} {[%emt
00:00:06]} 2. Nf3 {[%clk 01:16:20]} {[%emt 00:00:09]} e6 {[%clk 01:16:06]}
{[%emt 00:00:18]} 3. d4 {[%clk 01:16:26]} {[%emt 00:00:22]} cxd4 {[%clk
01:16:28]} {[%emt 00:00:09]} 4. Nxd4 {[%clk 01:16:48]} {[%emt 00:00:08]} a6
{[%clk 01:15:45]} {[%emt 00:01:12]} 5. Be3 {[%clk 01:05:47]} {[%emt 00:11:31]}
Nf6 {[%clk 01:13:09]} {[%emt 00:03:06]} 6. Bd3 {[%clk 01:04:50]} {[%emt
00:01:28]} Qc7 {[%clk 01:12:40]} {[%emt 00:01:00]} 7. h3 {[%clk 01:01:32]}
{[%emt 00:03:48]} b5 {[%clk 01:11:26]} {[%emt 00:01:43]} 8. Nd2 {[%clk
01:01:07]} {[%emt 00:00:55]} Bb7 {[%clk 01:10:52]} {[%emt 00:01:04]} 9. O-O
{[%clk 00:59:04]} {[%emt 00:02:33]} Be7 {[%clk 01:11:01]} {[%emt 00:00:21]} 10.
Rc1 {[%clk 00:58:12]} {[%emt 00:01:22]} O-O {[%clk 01:02:03]} {[%emt 00:09:27]}
11. Qe2 {[%clk 00:51:43]} {[%emt 00:06:59]} Nc6 {[%clk 00:56:15]} {[%emt
00:06:19]} 12. c3 {[%clk 00:46:12]} {[%emt 00:06:01]} Rac8 {[%clk 00:48:42]}
{[%emt 00:08:03]} 13. f4 {[%clk 00:44:08]} {[%emt 00:02:34]} d6 {[%clk
00:44:12]} {[%emt 00:05:00]} 14. a3 {[%clk 00:35:51]} {[%emt 00:08:47]} Rfe8
{[%clk 00:42:41]} {[%emt 00:02:01]} 15. b4 {[%clk 00:34:27]} {[%emt 00:01:54]}
Qb8 {[%clk 00:41:18]} {[%emt 00:01:52]} 16. Rc2 {[%clk 00:33:05]} {[%emt
00:01:53]} Qa8 {[%clk 00:40:22]} {[%emt 00:01:27]} 17. Rfc1 {[%clk 00:21:54]}
{[%emt 00:11:40]} Nb8 {[%clk 00:38:54]} {[%emt 00:01:56]} 18. Bf2 {[%clk
00:20:47]} {[%emt 00:01:38]} Nbd7 {[%clk 00:36:26]} {[%emt 00:02:59]} 19. N4b3
{[%clk 00:14:32]} {[%emt 00:06:45]} Bd8 {[%clk 00:35:49]} {[%emt 00:01:06]} 20.
c4 {[%clk 00:13:33]} {[%emt 00:01:30]} bxc4 {[%clk 00:34:52]} {[%emt 00:01:27]}
21. Nxc4 {[%clk 00:11:48]} {[%emt 00:02:15]} Bc7 {[%clk 00:32:38]} {[%emt
00:02:44]} 22. Ncd2 {[%clk 00:07:06]} {[%emt 00:05:11]} Bb8 {[%clk 00:28:20]}
{[%emt 00:04:48]} 23. Na5 {[%clk 00:06:22]} {[%emt 00:01:15]} Ba7 {[%clk
00:23:21]} {[%emt 00:05:29]} 24. Bxa7 {[%clk 00:04:24]} {[%emt 00:02:28]} Qxa7+
{[%clk 00:23:31]} {[%emt 00:00:20]} 25. Kf1 {[%clk 00:04:42]} {[%emt 00:00:12]}
Nb8 {[%clk 00:22:48]} {[%emt 00:01:13]} 26. Nxb7 {[%clk 00:04:36]} {[%emt
00:00:36]} Qxb7 {[%clk 00:23:05]} {[%emt 00:00:13]} 27. Nc4 {[%clk 00:04:34]}
{[%emt 00:00:32]} Rcd8 {[%clk 00:12:02]} {[%emt 00:11:32]} 28. e5 {[%clk
00:04:31]} {[%emt 00:00:34]} dxe5 {[%clk 00:08:52]} {[%emt 00:03:39]} 29. fxe5
{[%clk 00:04:49]} {[%emt 00:00:13]} Qd5 {[%clk 00:08:30]} {[%emt 00:00:52]} 30.
Nd6 {[%clk 00:03:13]} {[%emt 00:02:06]} Nh5 {[%clk 00:08:35]} {[%emt 00:00:24]}
31. Qxh5 {[%clk 00:03:16]} {[%emt 00:00:27]} Qxd3+ {[%clk 00:08:57]} {[%emt
00:00:08]} 32. Qe2 {[%clk 00:03:18]} {[%emt 00:00:29]} Qxe2+ {[%clk 00:09:07]}
{[%emt 00:00:19]} 33. Kxe2 {[%clk 00:03:41]} {[%emt 00:00:07]} Rf8 {[%clk
00:09:01]} {[%emt 00:00:36]} 34. Rc7 {[%clk 00:03:50]} {[%emt 00:00:22]} f6
{[%clk 00:08:48]} {[%emt 00:00:43]} 35. Nb7 {[%clk 00:02:56]} {[%emt 00:01:23]}
Rd5 {[%clk 00:09:07]} {[%emt 00:00:12]} 36. exf6 {[%clk 00:02:47]} {[%emt
00:00:39]} gxf6 {[%clk 00:09:26]} {[%emt 00:00:11]} 37. Re7 {[%clk 00:02:34]}
{[%emt 00:00:41]} Rd7 {[%clk 00:07:55]} {[%emt 00:02:03]} 38. Rxd7 {[%clk
00:02:40]} {[%emt 00:00:24]} Nxd7 {[%clk 00:08:18]} {[%emt 00:00:07]} 39. Rc6
{[%clk 00:03:04]} {[%emt 00:00:05]} Kf7 {[%clk 00:07:31]} {[%emt 00:01:17]} 40.
Rxa6 {[%clk 00:03:19]} {[%emt 00:00:16]} Rg8 {[%clk 00:07:32]} {[%emt
00:00:28]} 41. Kf3 {[%clk 00:03:29]} {[%emt 00:00:20]} Ne5+ {[%clk 00:07:47]}
{[%emt 00:00:16]} 42. Kf2 {[%clk 00:03:44]} {[%emt 00:00:14]} Nd3+ {[%clk
00:07:52]} {[%emt 00:00:25]} 43. Kf1 {[%clk 00:03:19]} {[%emt 00:00:55]} Nf4
{[%clk 00:08:09]} {[%emt 00:00:13]} 44. Nd6+ {[%clk 00:02:30]} {[%emt
00:01:19]} Ke7 {[%clk 00:08:17]} {[%emt 00:00:23]} 45. Ne4 {[%clk 00:02:48]}
{[%emt 00:00:12]} f5 {[%clk 00:07:46]} {[%emt 00:01:02]} 46. Ra7+ {[%clk
00:03:04]} {[%emt 00:00:14]} Kf8 {[%clk 00:07:24]} {[%emt 00:00:52]} 47. Ra8+
{[%clk 00:03:29]} {[%emt 00:00:05]} Kg7 {[%clk 00:07:17]} {[%emt 00:00:37]} 48.
Rxg8+ {[%clk 00:03:51]} {[%emt 00:00:07]} Kxg8 {[%clk 00:07:38]} {[%emt
00:00:09]} 49. b5 {[%clk 00:04:06]} {[%emt 00:00:16]} Nd5 {[%clk 00:07:13]}
{[%emt 00:00:55]} 50. Ng5 {[%clk 00:03:47]} {[%emt 00:00:47]} e5 {[%clk
00:07:16]} {[%emt 00:00:29]} 51. Nf3 {[%clk 00:04:07]} {[%emt 00:00:09]} e4
{[%clk 00:07:26]} {[%emt 00:00:21]} 52. Nd4 {[%clk 00:04:31]} {[%emt 00:00:06]}
f4 {[%clk 00:07:45]} {[%emt 00:00:10]} 53. Ne6 {[%clk 00:04:37]} {[%emt
00:00:25]} e3 {[%clk 00:07:08]} {[%emt 00:01:08]} 54. a4 {[%clk 00:01:14]}
{[%emt 00:03:52]} Kf7 {[%clk 00:06:54]} {[%emt 00:00:44]} 55. Nd4 {[%clk
00:01:24]} {[%emt 00:00:20]} Ke7 {[%clk 00:07:01]} {[%emt 00:00:22]} 56. a5
{[%clk 00:01:27]} {[%emt 00:00:28]} Kd6 {[%clk 00:06:18]} {[%emt 00:01:13]} 57.
b6 {[%clk 00:15:00]} {[%emt 00:01:58]} Kd7 {[%clk 00:21:11]} {[%emt 00:00:36]}
58. Nb5 {[%clk 00:15:05]} {[%emt 00:00:25]} Kc6 {[%clk 00:21:11]} {[%emt
00:00:31]} 59. Nd4+ {[%clk 00:14:50]} {[%emt 00:00:45]} Kb7 {[%clk 00:20:49]}
{[%emt 00:00:51]} 60. Ke2 {[%clk 00:14:40]} {[%emt 00:00:42]} Ka6 {[%clk
00:20:44]} {[%emt 00:00:35]} 61. Nb3 {[%clk 00:13:36]} {[%emt 00:01:33]} Nc3+
{[%clk 00:18:26]} {[%emt 00:02:49]} 62. Ke1 {[%clk 00:13:51]} {[%emt 00:00:14]}
Kb7 {[%clk 00:18:18]} {[%emt 00:00:39]} 63. Nc5+ {[%clk 00:14:06]} {[%emt
00:00:15]} Kb8 {[%clk 00:18:04]} {[%emt 00:02:43]} 64. a6 {[%clk 00:16:39]}
{[%emt 00:00:22]} Nd5 {[%clk 00:18:07]} {[%emt 00:00:27]} 65. Nd7+ {[%clk
00:14:36]} {[%emt 00:02:33]} Ka8 {[%clk 00:18:00]} {[%emt 00:00:38]} 66. b7+
{[%clk 00:14:53]} {[%emt 00:00:13]} 1-0

[Event "DEM U10 2024"]
[Site "Willingen GER"]
[Date "2024.05.25"]
[Round "11"]
[White "Sutharjan, Dakxwin"]
[Black "Al Luwaisi, Omer"]
[Result "1-0"]
[Termination "normal"]
[Board "9"]
[WhiteElo "1769"]
[BlackElo "1660"]
[WhiteClock "00:53:32"]
[BlackClock "00:13:23"]
[PlyCount "73"]
[WhiteFideId "34606548"]
[BlackFideId "34645888"]
[EventCountry "GER"]
[EventRounds "11"]
[EventType "swiss"]
[EventDate "2024.05.18"]

1. e4 {[%clk 01:15:57]} {[%emt 00:00:03]} c6 {[%clk 01:15:57]} {[%emt
00:00:04]} 2. d4 {[%clk 01:16:21]} {[%emt 00:00:06]} d5 {[%clk 01:16:23]}
{[%emt 00:00:03]} 3. exd5 {[%clk 01:16:47]} {[%emt 00:00:04]} cxd5 {[%clk
01:16:37]} {[%emt 00:00:16]} 4. c4 {[%clk 01:17:10]} {[%emt 00:00:07]} Nf6
{[%clk 01:17:03]} {[%emt 00:00:05]} 5. Nc3 {[%clk 01:17:23]} {[%emt 00:00:16]}
Nc6 {[%clk 01:17:19]} {[%emt 00:00:14]} 6. Nf3 {[%clk 01:17:48]} {[%emt
00:00:05]} Bg4 {[%clk 01:17:42]} {[%emt 00:00:07]} 7. cxd5 {[%clk 01:18:05]}
{[%emt 00:00:13]} Nxd5 {[%clk 01:18:05]} {[%emt 00:00:08]} 8. Qb3 {[%clk
01:18:02]} {[%emt 00:00:33]} Nb6 {[%clk 01:14:58]} {[%emt 00:03:18]} 9. d5
{[%clk 01:14:03]} {[%emt 00:04:47]} Bxf3 {[%clk 01:14:35]} {[%emt 00:00:53]}
10. gxf3 {[%clk 01:14:13]} {[%emt 00:00:20]} Nd4 {[%clk 01:07:45]} {[%emt
00:07:20]} 11. Qd1 {[%clk 01:13:37]} {[%emt 00:01:06]} e5 {[%clk 01:04:51]}
{[%emt 00:03:25]} 12. dxe6 {[%clk 01:13:19]} {[%emt 00:00:48]} fxe6 {[%clk
00:59:22]} {[%emt 00:05:58]} 13. Be3 {[%clk 01:13:10]} {[%emt 00:00:39]} Nc6
{[%clk 00:48:45]} {[%emt 00:11:07]} 14. Qxd8+ {[%clk 01:11:13]} {[%emt
00:02:27]} Rxd8 {[%clk 00:49:08]} {[%emt 00:00:07]} 15. Bb5 {[%clk 01:11:29]}
{[%emt 00:00:14]} Be7 {[%clk 00:48:11]} {[%emt 00:01:23]} 16. Ne4 {[%clk
01:05:01]} {[%emt 00:07:02]} Bb4+ {[%clk 00:45:07]} {[%emt 00:03:34]} 17. Ke2
{[%clk 01:04:11]} {[%emt 00:01:21]} a6 {[%clk 00:38:41]} {[%emt 00:06:56]} 18.
Bxc6+ {[%clk 01:04:33]} {[%emt 00:00:07]} bxc6 {[%clk 00:39:07]} {[%emt
00:00:05]} 19. Bxb6 {[%clk 01:04:55]} {[%emt 00:00:08]} Rb8 {[%clk 00:36:19]}
{[%emt 00:03:13]} 20. Bd4 {[%clk 01:04:46]} {[%emt 00:00:43]} O-O {[%clk
00:36:39]} {[%emt 00:00:10]} 21. Rhg1 {[%clk 01:04:13]} {[%emt 00:01:03]} Rf7
{[%clk 00:36:11]} {[%emt 00:00:58]} 22. Nf6+ {[%clk 01:03:55]} {[%emt
00:00:48]} Kh8 {[%clk 00:36:29]} {[%emt 00:00:11]} 23. Nh5 {[%clk 01:03:39]}
{[%emt 00:00:47]} Bf8 {[%clk 00:36:47]} {[%emt 00:00:12]} 24. Rg2 {[%clk
00:55:58]} {[%emt 00:08:12]} Re8 {[%clk 00:27:54]} {[%emt 00:09:16]} 25. Be5
{[%clk 00:53:59]} {[%emt 00:02:36]} Rf5 {[%clk 00:19:52]} {[%emt 00:08:21]} 26.
Bxg7+ {[%clk 00:54:26]} {[%emt 00:00:13]} Bxg7 {[%clk 00:20:11]} {[%emt
00:00:11]} 27. Nxg7 {[%clk 00:54:52]} {[%emt 00:00:05]} Re5+ {[%clk 00:20:36]}
{[%emt 00:00:05]} 28. Kf1 {[%clk 00:54:49]} {[%emt 00:00:33]} Rg8 {[%clk
00:20:59]} {[%emt 00:00:07]} 29. Rd1 {[%clk 00:54:40]} {[%emt 00:00:39]} h6
{[%clk 00:20:26]} {[%emt 00:01:00]} 30. Rd7 {[%clk 00:54:09]} {[%emt 00:01:04]}
Rc5 {[%clk 00:16:39]} {[%emt 00:04:17]} 31. Rg6 {[%clk 00:52:19]} {[%emt
00:02:19]} Rc1+ {[%clk 00:13:11]} {[%emt 00:03:59]} 32. Kg2 {[%clk 00:52:22]}
{[%emt 00:00:27]} Kh7 {[%clk 00:13:20]} {[%emt 00:00:16]} 33. Rg3 {[%clk
00:52:49]} {[%emt 00:00:08]} Kh8 {[%clk 00:13:38]} {[%emt 00:00:12]} 34. Nxe6
{[%clk 00:52:53]} {[%emt 00:00:26]} Rxg3+ {[%clk 00:13:20]} {[%emt 00:00:46]}
35. hxg3 {[%clk 00:53:08]} {[%emt 00:00:16]} Rc2 {[%clk 00:13:11]} {[%emt
00:00:33]} 36. Rb7 {[%clk 00:53:29]} {[%emt 00:00:15]} Re2 {[%clk 00:13:23]}
{[%emt 00:00:16]} 37. Nd4 {[%clk 00:53:32]} {[%emt 00:00:29]} 1-0